000 01355nam a2200409 i 4500
001 9262
003 KOSZ 005
005 20200414134031.0
008 070924s1967 pl a f 000 0 pol
015 _aPB 1968/1263
035 _a(PL-WaBN)b19752350-48omnis_nlop
035 _ab19752350
035 _a(OCoLC)830876673
035 _a(PL)b0000019752350
040 _aWA N
_cWA N
_dKOSZ 005/RW
041 1 _apol
_hslo
046 _k1967
080 _a796.9
100 1 _aHorský, Ladislav.
245 1 0 _aMłody hokeista /
_cLadislav Horský ; [tłumaczenie ze słowackiego Zenon Peter].
246 1 _iTytuł oryginału:
_aMladý hokejista
260 _aWarszawa :
_b"Sport i Turystyka",
_c1967.
300 _a287, [4] stron :
_bilustracje;
_c18 cm.
336 _aTekst
_btxt
_2rdacontent
337 _aBez urządzenia pośredniczącego
_bn
_2rdamedia
338 _aWolumin
_bnc
_2rdacarrier
380 _aKsiążki
388 _a1901-2000
504 _aBibliografia na stronie [288].
650 7 _aHokej na lodzie
_2DBN
658 _aKultura fizyczna i sport
700 1 _aPeter, Zenon.
_eTłumaczenie
710 2 _aWydawnictwo Sport i Turystyka
_4pbl
856 _uhttp://koha.tu.koszalin.pl/cgi-bin/koha/opac-detail.pl?biblionumber=9262
_yKatalog online BPK
942 _2UKD
_cKS
999 _c9262
_d9262